| 000 | 00400nam a22001577a 4500 | ||
|---|---|---|---|
| 999 |
_c7500 _d7500 |
||
| 005 | 20200312050521.0 | ||
| 008 | 200312b ||||| |||| 00| 0 eng d | ||
| 020 | _a9789352164271 | ||
| 040 | _abmsca | ||
| 082 |
_a620.1 _bRAM |
||
| 100 |
_aRamamrutham. S _dauthor |
||
| 245 |
_aEngineering Mechanics _cS Ramamrutham |
||
| 250 | _a10th ed / | ||
| 260 | _bDhanpat Rai Publishing Company | ||
| 942 | _2ddc | ||